|
|
|
|
| LEADER |
00579nam a22001457a 4500 |
| 008 |
170214b xxu||||| |||| 00| 0 eng d |
| 082 |
|
|
|a 320.5409471
|
| 100 |
|
|
|a Wilson, William A.
|
| 245 |
|
|
|a Folklore and nationalism in modern Finland /
|c William A. Wilson
|
| 260 |
|
|
|a Bloomington :
|b Indiana University press,
|c c1976.
|
| 300 |
|
|
|a 272 p. ;
|
| 650 |
|
|
|a Folklore and nationalism
|x Folklore
|z Finland
|
| 942 |
|
|
|c XER
|
| 999 |
|
|
|c 287498
|d 287498
|
| 952 |
|
|
|0 0
|1 0
|4 0
|6 320_540947100000000_WIL_F
|7 0
|8 XER
|9 326380
|a FLK
|b FLK
|c ST1
|d 2017-02-14
|i X1
|l 0
|o 320.5409471 WIL/F
|p FLKX1
|r 2017-02-14
|w 2017-02-14
|y BK
|